00275nam a2200097Ia 4500008004100000020001800041100002100059245003700080260004600117300001400163171205s9999 xx 000 0 und d a9789715428019 aJose, F. Sionil. cF. Sionil JoseaSelected Stories bUniversity of the Philippines Pressc2016 a257 pages